00637nam a2200193Ia 4500008004100000020001300041082001500054100002700069245006500096250000700161260003500168300002900203500001900232600003300251650001600284942000700300952012100307999001500428240925s9999 xx 000 0 und d a70705941 a515.35 WIL aWilliamson, Richard E. 0aIntroduction to Differential Equations and Dynamical Systems aNA aNew York:bMcGraw-Hillc,1997. axvi,1156p.bNAfOriginal aIncludes Index aHumanities & Natural Science aMathematics cBK 001040708HUMaUITUbUITUd1997-11-18eUIT Fruit Canadal0o515.35 WILpQ1244r2024-09-25 07:12:22w2024-09-25yBK c3743d3743